Top 100 CSGO Players 2022 - Statistics

General Stats
  • This quiz has been taken 113 times
  • The average score is 64 of 100
Answer Stats
Position Player Team % Correct
s1mple NaVi
100%
NiKo G2
99%
ZywOo Vitality
99%
21º electroNic NaVi
97%
11º Twistzz FaZe
97%
broky FaZe
96%
13º rain FaZe
96%
ropz FaZe
96%
20º Jame Outsiders
95%
m0NESY G2
95%
sh1ro Cloud9
95%
16º b1t NaVi
94%
14º huNter G2
94%
10º stavn Heroic
92%
29º cadiaN Heroic
91%
18º Spinx Vitality
90%
Ax1Le Cloud9
88%
12º BlameF Astralis
88%
KSCERATO FURIA
88%
23º NAF Liquid
88%
37º Perfecto NaVi
88%
50º FalleN Imperial
87%
41º Magisk Vitality
87%
15º YEKINDAR Liquid
87%
22º EliGE Liquid
84%
17º frozen MOUZ
84%
100º karrigan FaZe
84%
36º dupreeh Vitality
83%
49º jabbi Heroic
83%
35º fame Outsiders
81%
34º TeSeS Heroic
81%
25º SunPayus ENCE
79%
19º yuurih FURIA
79%
24º degster OG
77%
44º tabseN BIG
77%
64º XANTARES Eternal Fire
75%
60º Brollan NiP
74%
43º flameZ OG
74%
51º sjuush Heroic
74%
33º dycha ENCE
73%
27º FL1T Outsiders
73%
31º HObbit Cloud9
73%
30º REZ NiP
73%
28º syrsoN BIG
71%
48º jks G2
70%
91º arT FURIA
69%
54º KRIMZ Fnatic
69%
66º hades ENCE/9INE
65%
26º k0nfig Astralis
65%
39º oSee Liquid
65%
61º Maden ENCE
62%
57º torzsi MOUZ
62%
59º magixx Spirit
61%
65º nexa OG
61%
90º Qikert Outsiders
61%
52º n0rb3r7 Outsiders
60%
42º w0nderful Spirit
60%
68º hallzerk CompLexity
58%
58º xertioN MOUZ
58%
95º interz Cloud9
57%
94º sdy NaVi
57%
45º fer Imperial
56%
55º Grim CompLexity
56%
74º woxic Eternal Fire
56%
46º JDC MOUZ
55%
96º Krimbo BIG
55%
40º saffee FURIA
55%
62º rigoN Bad News Eagles
53%
56º mezii Fnatic
52%
93º drop FURIA
49%
63º ALEX Movistar Riders
47%
32º Patsi Spirit
47%
82º s1ren Spirit
47%
92º F1KU OG
44%
75º floppy CompLexity
44%
87º gxx Bad News Eagles
44%
47º roeJ fnatic
44%
84º acoR GamerLegion
43%
73º juanflatroo Bad News Eagles
43%
77º chelo Imperial
42%
38º nicoodoz Fnatic
42%
97º faveN BIG
38%
53º NEOFRAG OG
38%
80º refrezh Sprout
38%
78º FaNg CompLexity
36%
70º mopoz Movistar Riders
36%
99º Farlig Astralis
35%
81º INS Grayhound
34%
98º Staehr Sprout
34%
79º Brehze Evil Geniuses
32%
83º try 00Nation
32%
69º FASHR Fnatic
31%
85º valde ENCE
29%
67º dgt 9z
27%
88º JOTA MIBR
27%
86º dumau 00Nation
23%
71º El1an Entropiq
23%
72º sk0R IHC
22%
89º zevy PaiN
18%
76º nqz 9z
16%
No matching quizzes found
Score Distribution
Percent of People with Each Score
Percentile by Number Answered
Your Score History
You have not taken this quiz